000 00950nam a2200229 i 4500
003 CSPC
005 20260428100441.0
008 260428c2020 ph gr o00 eng d
040 _aCSPC
_beng
_cCSPC
_erda
245 0 0 _aBiennial report school year 17-18 I school year 18-19 :
_benabling public-private partnership in Philippine education /
264 1 _bPEAC Private Education Assistance Committee Trustee of the Fund for Assistance to Private Education :
_c2020.
300 _billustrations :
_c30 cm.
336 _2rdacontent
_atext
337 _2rdamedia
_aunmediated
338 _2rdacarrier
_avolume
362 _a2020
504 _aIncludes bibliographical references
650 4 _aEducation and state
_xPeriodicals.
650 4 _a Public-private sector cooperation
_xPeriodicals.
942 _2ddc
_n0
_cSERIALS
_h379.9599
_kSER
_m2020
_iB477
999 _c32433
_d32433